03322cam a2200253 a 450000500170000000800410001702000150005804000290007304100080010204400070011008200200011724501350013726000660027230000550033850400530039350524080044665000370285465000290289165000300292070000280295071000310297871000320300971000270304120171003155542.0960105s1997 dcua b 001 0 eng u a156098418X aDLCcDLCdOrLoB-BdOCoLC0 aeng ack00a566.09861bV56p00aVertebrate paleontology in the neotropics :bthe Miocene fauna of La Venta, Colombia /ceditado por Richard F. Kay ... [y otros 3] aWashington (EE.UU.) : bSmithsonian Institution Press,c1997. axv, 592 páginas : bilustraciones ;c29 x 22 cm. aIncluye referencias bibliográficas e índice.20g1.tA History of Vertebrate Paleontology in the Magdalena Valley /rRichard H. Madden, Donald E. Savage and Robert W. Fields --g2.tStratigraphy, Sedimentary Environments, and the Miocene Uplift of the Colombian Andes /rJavier Guerrero --g3.tGeochronology of the Honda Group /rJohn J. Flynn, Javier Guerrero and Carl C. Swisher III --g4.tTrichodactylid Crabs /rGilberto Rodriguez --g5.tFreshwater Fishes and Their Paleobiotic Implications /rJohn G. Lundberg --g6.tLimbless Tetrapods /rMax K. Hecht and Thomas C. LaDuke --g7.tA Reassessment of the Fossil Tupinambinae /rRobert M. Sullivan and Richard Estes --g8.tCrocodilians, Gryposuchus, and the South American Gavials /rWann Langston, Jr. and Zulma Gasparini --g9.tTurtles /rRoger Conant Wood --g10.tBirds /rD. Tab Rasmussen --g11.tNew Clues for Understanding Neogene Marsupial Radiations /rFrancisco J. Goin --g12.tNew Caenolestoid Marsupials /rElizabeth R. Dumont and Thomas M. Bown --g13.tArmored Xenarthrans: A Unique Taxonomic and Ecologic Assemblage /rAlfredo A. Carlini, Sergio F. Vizcaino and Gustavo J. Scillato-Yane --g14.tA New Giant Pampatheriid Armadillo /rGordon Edmund and Jessica Theodor --g15.tXenarthrans: Pilosans /rH. Gregory McDonald --g16.tLocomotor Adaptations in Miocene Xenarthrans /rJennifer L. White --g17.tPaleobiology and Affinities of Megadolodus /rRichard L. Cifelli and Carlos Villarroel --g18.tLitopterns /rRichard L. Cifelli and Javier Guerrero --g19.tA New Leontiniid Notoungulate /rCarlos Villarroel and Jane Colwell Danis --g20.tEnamel Microstructure in Notoungulates /rMary C. Maas --g21.tA New Toxodontid Notoungulate /rRichard H. Madden --g22.tUruguaytheriine Astrapotheres of Tropical South America /rSteven C. Johnson and Richard H. Madden --g23.tSirenia /rDaryl P. Domning --g24.tRodents /rAnne H. Walton --g25.tChiroptera /rNicholas J. Czaplewski --g26.tA New Small Platyrrhine and the Phyletic Position of Callitrichinae /rRichard F. Kay and D. Jeffrey Meldrum --g27.tPostcranial Skeleton of Laventan Platyrrhines /rD. Jeffrey Meldrum and Richard F. Kay --g28.tFossil New World Monkeys /rJohn G. Fleagle, Richard F. Kay and Mark R. L. Anthony --g29.tThe Laventan Stage and Age /rRichard H. Madden, Javier Guerrero and Richard F. Kay [et al.] --g30.tPaleogeography and Paleoecology /rRichard F. Kay and Richard H. Madden.26aVertebradosxFósileszColombia26aPaleontologíayMioceno26aPaleontologíazColombia1 aKay, Richard F.eeditor1 aMadden, Richard H.eeditor1 aCifelli, Richard L.eeditor1 aFlynn, John J.eeditor